NCAAM Basketball Logo Quiz: WAC - Statistics

General Stats
  • This quiz has been taken 144 times
    29 since last reset
  • The average score is 6 of 7
Answer Stats
Picture Answer % Correct
Tarleton
92%
Abilene Christian
88%
Southern Utah
88%
California Baptist
84%
Utah Tech
80%
Utah Valley
68%
UT Arlington
68%
No matching quizzes found
Score Distribution
Percent of People with Each Score
Percentile by Number Answered
Your Score History
You have not taken this quiz since the last reset